Shakespeare / (Record no. 7985)

MARC details
000 -LEADER
fixed length control field 00553nam a22002052 4500
001 - CONTROL NUMBER
control field 0000009591
005 - DATE AND TIME OF LATEST TRANSACTION
control field 20151217152058.0
008 - FIXED-LENGTH DATA ELEMENTS--GENERAL INFORMATION
fixed length control field 081111s xx 000 0 eng d
020 ## - INTERNATIONAL STANDARD BOOK NUMBER
Terms of availability Donation
040 ## - CATALOGING SOURCE
Original cataloging agency KABU
Transcribing agency KABU
100 1# - MAIN ENTRY--PERSONAL NAME
Personal name Brown, Ivor.
-- 0000161308
245 10 - TITLE STATEMENT
Title Shakespeare /
Statement of responsibility, etc. by Ivor Brown.
250 ## - EDITION STATEMENT
Edition statement Special ed.
260 ## - PUBLICATION, DISTRIBUTION, ETC. (IMPRINT)
Place of publication, distribution, etc. New York :
Name of publisher, distributor, etc. Time,
Date of publication, distribution, etc. 1962.
300 ## - PHYSICAL DESCRIPTION
Extent xi, 393 p.
600 10 - SUBJECT ADDED ENTRY--PERSONAL NAME
Personal name Shakespeare, William,
Dates associated with a name 1564-1616.
-- 0000000547
908 ## - PUT COMMAND PARAMETER (RLIN)
Put command parameter 081111
950 ## - LOCAL HOLDINGS (RLIN)
-- 1
Holdings
Withdrawn status Lost status Source of classification or shelving scheme Not for loan Home library Current library Date acquired Total Checkouts Full call number Barcode Date last seen Price effective from Koha item type
    Library of Congress Classification   Kabarak, Main Campus Kabarak, Main Campus 17/12/2015   PR2895 .B76 c. 1 15462 17/12/2015 17/12/2015 General Collection
Designed with assistance from East African Informatics Ltd